№ 4 (77); Научный вестник НГТУ

Detalles Bibliográficos
Parent link:Научный вестник НГТУ: [сборник статей]/ Новосибирский государственный технический университет. № 4 (77).— , 1998-2020
Lenguaje:ruso
inglés
Publicado: 2019
Materias:
Formato: MixedMaterials Libro
KOHA link:https://koha.lib.tpu.ru/cgi-bin/koha/opac-detail.pl?biblionumber=344677

MARC

LEADER 00000nam2a2200000 4500
001 344677
005 20231102005706.0
035 |a (RuTPU)RU\TPU\book\376350 
035 |a RU\TPU\book\375405 
090 |a 344677 
100 |a 20200325d2019 k y0rusy50 ca 
101 0 |a rus  |a eng 
102 |a RU 
105 |a a z 001zy 
200 0 |a № 4 (77) 
210 |d 2019 
215 |a 179 с.  |c ил. 
320 |a Библиография в конце статей 
461 1 |0 (RuTPU)RU\TPU\book\44599  |t Научный вестник НГТУ  |o [сборник статей]  |f Новосибирский государственный технический университет  |v № 4 (77)  |d 1998-2020 
606 1 |a Технические системы  |x Автоматика  |2 stltpush  |3 (RuTPU)RU\TPU\subj\67451  |9 83244 
610 1 |a информатика 
610 1 |a вычислительная техника 
610 1 |a управление 
610 1 |a приборостроение 
610 1 |a метрология 
610 1 |a информационно-измерительные приборы 
610 1 |a информационно-измерительные системы 
610 1 |a энергетика 
610 1 |a регуляторы 
610 1 |a синтез 
610 1 |a многоканальные системы 
610 1 |a нейронные сети 
610 1 |a непрерывные динамические системы 
610 1 |a диагностирование 
610 1 |a топологические функции чувствительности 
610 1 |a подвижные объекты 
610 1 |a двумерные среды 
610 1 |a кластеризация 
610 1 |a мобильные роботы 
610 1 |a коалиционная работа 
610 1 |a социокиберфизические системы 
610 1 |a онтологический подход 
610 1 |a случайные величины 
610 1 |a плотность распределения 
610 1 |a оценивание 
610 1 |a вейвлеты 
610 1 |a региональный рынок труда 
610 1 |a прогнозирование 
610 1 |a опережающие индикаторы 
610 1 |a автоматический подбор 
610 1 |a онтологии 
610 1 |a контролируемый естественный язык 
610 1 |a беспилотные летательные аппараты 
610 1 |a координаты 
610 1 |a информационно-измерительные системы 
610 1 |a зарубежное энергетическое оборудование 
610 1 |a эксплуатация 
610 1 |a электроэнергия 
610 1 |a качество 
610 1 |a вентильные генераторы 
610 1 |a регулирование 
675 |a 681.51  |v 4 
801 1 |a RU  |b 63413507  |c 20170831 
801 2 |a RU  |b 63413507  |c 20231009  |g RCR 
942 |c BK